Statistics for States With the Lowest Percentage of Black Citizens

Click here to take the quiz!

General Stats

  • This quiz has been taken 53 times
  • The average score is 8 of 9

Answer Stats

US State% Correct
Maine
100%
Vermont
96%
New Hampshire
92%
Montana
90%
North Dakota
90%
South Dakota
90%
Idaho
85%
Utah
81%
Wyoming
81%

Score Distribution

Percentile by Number Answered

Percent of People with Each Score

Your Score History

You have not taken this quiz